| 000 | 00429nam a22001457a 4500 | ||
|---|---|---|---|
| 999 |
_c528304 _d528304 |
||
| 003 | NUST | ||
| 038 | _aMSOHAIL | ||
| 082 |
_a625.734 _bAAS |
||
| 100 |
_a American Association of State Highway and Transportation Officials _920005 |
||
| 245 | _aGuidlines for Erosion | ||
| 250 | _a3 | ||
| 260 |
_aWashington _b American Association of State Highway and Transportation Officials _c1973 |
||
| 300 |
_a31,p: _c25cm |
||
| 942 |
_2ddc _cBK |
||